000 01097nam a2200265Ia 4500
001 838-LOR ko sa (15140)
003 IT-MiSPE
008 171229s9999||||xx |||||||||||||| ||und||
040 _aIT-MiSPE
_cIT-MiSPE
041 _aITALIANO
100 _aKonrad Lorenz
240 _aRettet die Hoffnung
245 0 _aSalvate la speranza
_bColloqui di Konrad Lorenz con Kurt Mündl
250 _a1a ed. (v)
260 _aMilano
_bArmenia
_c1989
300 _a192 p.
_c21 cm
490 _aUomini e fatti
501 _aEdizioni San Paolo srl - Piazza Soncino, 5 - 20092 CINISELLO BALSAMO (MI) (non commercial uses only) ® Copyright 2018
520 _aTav.
700 _aKurt Mündl
700 _aPaola Giovetti
_g(traduzione)
942 _cBK
957 _71
999 _a1517
_bNO
_g Copie: 1
_c353263
_d353263